000 00464nam a2200193Ia 4500
008 101110s9999 xx 000 0 und d
041 _aENGLISH
082 _bSR7994
_a657
100 _aBatlibioi J.R.
245 _aDouble - entry book keeping
365 _b13
520 _aCommerce
546 _aENGLISH
630 _aDouble - entry book keeping
650 _aCommerce
655 _aCommerce
730 _aDouble - entry book keeping
942 _cBOOK
999 _c803535
_d803532